| 000 -LEADER |
| fixed length control field |
00399pab a2200157 454500 |
| 008 - FIXED-LENGTH DATA ELEMENTS--GENERAL INFORMATION |
| fixed length control field |
180718b2005 xxu||||| |||| 00| 0 eng d |
| 100 ## - MAIN ENTRY--PERSONAL NAME |
| Personal name |
Rani, N. Jhansi |
| 245 ## - TITLE STATEMENT |
| Title |
Impact of yoga training on body image and depression |
| 260 ## - PUBLICATION, DISTRIBUTION, ETC. |
| Date of publication, distribution, etc. |
2005 |
| 300 ## - PHYSICAL DESCRIPTION |
| Extent |
p.98-100. |
| 362 ## - DATES OF PUBLICATION AND/OR SEQUENTIAL DESIGNATION |
| Dates of publication and/or sequential designation |
Jan |
| 650 ## - SUBJECT ADDED ENTRY--TOPICAL TERM |
| Topical term or geographic name entry element |
Yoga training |
| 700 ## - ADDED ENTRY--PERSONAL NAME |
| Personal name |
Rao, P.V. Krishna |
| 773 ## - HOST ITEM ENTRY |
| Main entry heading |
Psychological Studies |
| 909 ## - |
| -- |
65287 |